| 000 | 00892nam a2200253 4500 | ||
|---|---|---|---|
| 001 | 11534 | ||
| 003 | HDC | ||
| 007 | cr bn ---aaaaa | ||
| 008 | 210207c dr|noo 0 a eng d | ||
| 040 | _aHDC | ||
| 100 |
_aKilkenny, Carmel _eauthor _911866 |
||
| 245 | 0 |
_aHalal labels now regulated by Canadian Food Inspection Agency / _cby Carmel Kilkenn |
|
| 260 |
_a[No place] : _bRadio Canada International (en), _c2016 |
||
| 336 |
_atext _2rdacontent |
||
| 337 |
_acomputer _2rdamedia |
||
| 338 |
_aonline resource _2rdacarrier |
||
| 650 |
_aGlobal halal food _94492 |
||
| 650 |
_aHalal labeling _911867 |
||
| 710 | _aRadio Canada International (en) | ||
| 856 | _zRequest full-text at [email protected] | ||
| 942 | _2lcc | ||
| 942 | _cNEWS | ||
| 942 | _kNWSO 002281 | ||
| 999 |
_c8857 _d8857 |
||